000 00499nam a2200193Ia 4500
005 20250508164531.0
008 008 250505s9999 xx 000 0 eng d
020 _a0-415-28539-9
037 _aTextual
040 _aFEDL
_beng
_cFEDL
041 _aeng
_2eng
084 _aB, FRA
_qFEDL
100 _aBottomore Tom
245 0 _aFrankfurt school and its critics
260 _aLondon, UK
_bRoutledge
_c2007
300 _a93p.
942 _cTEXL
_hB, FRA
999 _c1389650
_d1389650